| 000 | 00442nam a22001577a 4500 | ||
|---|---|---|---|
| 005 | 20241108134038.0 | ||
| 008 | 241108b |||||||| |||| 00| 0 eng d | ||
| 020 | _a9789325960107 | ||
| 100 | _aKuchhal Vivek & Kuchhal M.C. | ||
| 245 | _aMercantile Law | ||
| 250 | _aEighth Edition | ||
| 260 |
_aNoida, India _bVikas Publishing House PVT. Ltd _c2013 |
||
| 300 |
_axxix, 690 pages _c21 cm |
||
| 650 |
_2Mercantile Law _xIndia |
||
| 942 |
_2lcc _cBK _n0 |
||
| 999 |
_c884 _d884 |
||